000 01042nam a22002657a 4500
003 dpl
005 20180702135044.0
008 180702b xxu||||| |||| 00| 0 eng d
010 _aRC-025863
020 _c25.00
035 _aRC-025863
037 _bBPPD/PUB
040 _aDPL
_bHN
_c0
082 _a
_bसाहनी
100 _aसाहनी, भीष्म
245 _aबसंती
_cभीष्म साहनी
260 _aनयी दिल्ली
_c1980
_bराजकमल प्रकाशन प्राइवेट लिमिटेड,
270 _bनयी दिल्ली
_a8, नेताजी सुभाष मार्ग,
_e110032
300 _a166पृ.
_c23सेमी(सजिल्द )
650 _aरूसी साहित्य
_971113
650 _aरूसी साहित्य
_xउपन्यास
_971114
650 _aRussian literature
_971115
650 _aRussian literature
_xfiction
_971116
942 _2ddc
_cHN
_h
_mसाहनी
999 _c153268
_d153268